000 00706nam a2200229 u 4500
005 20240806064037.0
008 131002s2007 es r 000 0 spa d
020 _a9788496566613
035 _aUPN01000193351
049 _aCG
050 4 _aPS2612
_bP6.6a
100 1 _aPoe, Edgar Allan,
_d1809-1849
_929415
245 1 3 _aEl escarabajo de oro /
_cEdgar Allan Poe ; tr. Carlos Olalla Linares ; il. Carlos Pinto.
260 _aMadrid :
_bNivola,
_c2007.
300 _a120 p. :
_bil.
440 0 _aVioleta ;
_v17
534 _pTítulo original:
_tThe gold bug
650 0 _aCuentos policíacos y de misterio
_92405
650 4 _aLiteratura estadounidense
_95229
905 _aLibro
999 _c165452
_d165452